000 00520nam a2200181Ia 4500
008 100917s9999 xx 000 0 und d
082 _b1784
100 _aगांधी महात्मा
245 _aसंयम की स्वैराचार
260 _b---
300 _a130
365 _b0
520 _aनिबंध
630 _aसंयम की स्वैराचार
650 _aनिबंध
730 _aसंयम की स्वैराचार
942 _cBOOK
999 _c607178
_d607175